Statystyki dla Kosmonauci według narodowości

Kliknij tutaj aby rozwiązać quiz!

Ogólne statystyki

  • Ten quiz został rozwiązany 77 razy
  • Średni wynik to 27 z 39

Statystyki odpowiedzi

Państwo:% Poprawnych
Rosja / ZSRR
100%
Polska
99%
Stany Zjednoczone
97%
Chiny
96%
Niemcy / NRD / RFN
96%
Kanada
94%
Francja
91%
Hiszpania
91%
Japonia
90%
Czechy / Czechosłowacja
84%
Wielka Brytania
84%
Brazylia
82%
Meksyk
82%
Austria
81%
Indie
79%
Włochy
79%
Korea Południowa
78%
Szwecja
78%
Ukraina
69%
Belgia
68%
Dania
68%
Holandia
66%
Republika Południowej Afryki
63%
Słowacja
63%
Szwajcaria
63%
Arabia Saudyjska
60%
Bułgaria
60%
Iran
60%
Węgry
60%
Rumunia
54%
Kazachstan
53%
Izrael
47%
Zjednoczone Emiraty Arabskie
47%
Afganistan
38%
Wietnam
35%
Mongolia
34%
Kuba
25%
Malezja
18%
Syria
16%

Rozkład punktacji

Percentyl według liczby udzielonych odpowiedzi

Procent ludzi z każdym wynikiem

Twoja historia wyników

Nie rozwiązałeś tego quizu